000 00635cam a2200229 4500
008 090401t1991 xxu||||| |||| 00| 0 eng d
020 _a092005899X
035 _a(Sirsi) u63185
041 _aeng
050 _a333.3320971
110 _aAppraisal Institute of Canada
_9829
245 _aHandbook of appraisal guidelines for the valuation of real estate assets.
260 _aWinnipeg
_bAppraisal Institute of Canada
_c1991
300 _a1v.(looseleaf)
350 _a0
650 _aCANADA
650 _aPROPERTY ASSETS
650 _aValuation
_96273
690 _aRATING AND VALUATION
942 _n0
948 _c04/03/1997
999 _c94514
_d94514